[Event "Pfalz-ch MT-B 86th"]
[Site "Wolfstein"]
[Date "2017.04.09"]
[Round "4"]
[White "Mueller, Markus"]
[Black "Maeurer, Fabian"]
[Result "1-0"]
[WhiteElo "2123"]
[BlackElo "2005"]
[PlyCount "53"]
[EventDate "2017.04.07"]
[EventType "tourn"]
[EventRounds "9"]
[EventCountry "GER"]
[SourceTitle "EXT 2018"]
[Source "ChessBase"]
[SourceDate "2017.10.13"]
[SourceVersion "1"]
[SourceVersionDate "2017.10.13"]
[SourceQuality "1"]

1. Nf3 Nf6 2. d4 c5 3. c4 cxd4 4. Nxd4 Nc6 5. Nc3 e6 6. g3 Qb6 7. Nf3 Bb4 8. Bg2 Ne4 9. 0-0 Nxc3 10. bxc3 Bxc3 11. Be3 Qa5 12. Rb1 0-0 13. Qc2 Bf6 14. Rb5 Qa6 15. Ng5 g6 16. Ne4 Bg7 17. Nc5 Qa3 18. Nxb7 Bxb7 19. Rxb7 d5 20. cxd5 Nb4 21. Qc5 Rfb8 22. dxe6 fxe6 23. Rxg7+ Kxg7 24. Qe7+ Kg8 25. Qxe6+ Kg7 26. Qe7+ Kg8 27. Bd4 1-0